Kim /

Spremljeno u:
Bibliografski detalji
Glavni autor: Kipling, Rudyard, 1865-1936.
Format: Knjiga
Jezik:English
Izdano: Cambridge : Penguin Books, 1989.
Teme:
Oznake: Dodaj oznaku
Bez oznaka, Budi prvi tko označuje ovaj zapis!
Thư viện lưu trữ: Mạng thư viện Đại học Đà Nẵng
LEADER 00824cam a2200325 i 4500
001 000045981
003 5202
005 20030214104822.0
008 010220|1989 vm 000 eng
020 |a 0140183523 
040 |a IRC  |c IRC  |d IRC 
041 0 |a eng 
082 1 4 |a 823.8  |b KI-R 
100 1 |a Kipling, Rudyard,  |d 1865-1936. 
245 0 0 |a Kim /  |c Rudyard Kipling, 1865-1936. 
260 |a Cambridge :  |b Penguin Books,  |c 1989. 
300 |a 365p. 
630 0 4 |a Fiction. 
650 0 4 |a India  |b History  |y 19th century  |x Fiction. 
651 4 |a India  |x History  |y 19th century  |x Fiction. 
OWN |a DUT 
999 |a From the UDN01 
TYP |a Monograph 
TYP |a Printed language 
980 |a Mạng thư viện Đại học Đà Nẵng